|
|
|
|
| LEADER |
00000nam a2200000 a 4500 |
| 001 |
vtls001347416 |
| 003 |
SK-MaSNL |
| 005 |
20260331203410.0 |
| 008 |
240226s1998 xo rb b slo |
| 015 |
|
|
|a SNBSAB1998-00034
|
| 020 |
|
|
|a 808876114X
|
| 035 |
|
|
|a SNK000300677
|
| 035 |
|
|
|a urn:nbn:sk:snk-amkiet
|
| 035 |
|
|
|a urn:nbn:sk:snk-am003atg
|
| 035 |
|
|
|a 700B0ACA-E833-4CFA-AD6A-DB1C10FA13BC
|
| 040 |
|
|
|a SNK
|b slo
|c SNK
|e AACR2
|
| 041 |
0 |
|
|a slo
|
| 044 |
|
|
|a xo
|c SK
|
| 080 |
|
|
|a 262.12:282:929:012
|2 1981
|
| 080 |
|
|
|a 282
|2 1981
|
| 080 |
|
|
|a 929 Korec, Ján-Chryzostom
|2 1981
|
| 080 |
|
|
|a 012
|2 1981
|
| 100 |
1 |
|
|a Vicelová, Eva,
|d 1947-
|4 zos
|9 122915
|
| 245 |
1 |
0 |
|a Ján Chryzostom kardinál Korec
|b personálna bibliografia
|c Eva Vicelová
|
| 260 |
|
|
|a V Topoľčanoch
|b Tríbečská knižnica
|c 1998
|
| 300 |
|
|
|a [85] s.
|c 21x14,5 cm
|
| 504 |
|
|
|a Reg. men. a názv. Lit. 387 zázn. o čl. a kn. v slov.
|
| 600 |
1 |
|
|a Korec, Ján Chryzostom,
|d 1924-2015
|2 SNK
|9 203576
|
| 655 |
|
7 |
|a neperiodické bibliografie
|2 SNK
|9 60408
|
| 919 |
|
|
|a 80-88761-14-X
|
| 958 |
|
|
|a OND
|
| 958 |
|
|
|a RM
|
| 958 |
|
|
|a SF
|
| 958 |
|
|
|a BX
|
| 999 |
|
|
|c 547524
|d 549454
|
| 952 |
|
|
|t P60, <03>, [BOOK], {603}
|a SNK
|b SNK
|y PREZ
|7 0
|p 17A0165903
|o snkSC 97070
|i snkKSP 10157/98
|0 0
|1 0
|4 0
|d 1998-11-04
|f 1
|l 0
|r 2025-09-16 00:00:00
|w 2026-02-23
|
| 952 |
|
|
|t P60, <04>, [BOOK], {604}
|a SNK
|b SNK
|y VYP
|7 0
|p 17A0168292
|o snkSC 97070 D1
|i snkKSP 10327/98
|0 0
|1 0
|4 0
|d 1998-11-11
|l 0
|r 2005-01-02 00:00:00
|w 2026-02-23
|
| 952 |
|
|
|t P60, <09>, [BOOK], {629}
|a SNK
|b SNK
|y NEVYP
|7 0
|o snkC 862
|i snk1608/981116
|0 0
|1 0
|4 0
|d 1998-11-11
|l 0
|r 2005-01-02 00:00:00
|w 2026-02-23
|